1968 1031 1665 1047 1860 1503 1838 1930 1695 1518 1118 1757 1429 1855 1961 1993 1159 1852 1253 1812 1900 1969 1297 1053 1171 1147 1821 1046 1255 1996 1689 1144 1012 1673 1896 1379 1800 1533 1245 1090 1158 1706 1140 1228 1654 1612 1212 1191 1753 1492 1349 1445 1219 1246 1564 1882 1573 1702 1340 1108 1154 1337 1477 1592 1393 1879 1956 1892 1301 1641 1473 1588 1110 1760 1219 1444 1589 1740 1310 1295 1416 1446 1497 1548 1475 1663 1712 1995 1540 1272 1623 1132 1498 1277 1204 1512 1747 1994 1295 BCNSPRNW ULIB Ver.6.0+V

เปลี่ยนเป็นภาษาไทย

Change to English
 แสดงรายละเอียดบรรณานุกรม
  กลับหน้าหลัก

Brief Record : Get Marc (ISO 2709) : E-mail record : QR code < ปิดหน้าต่าง
LEADER : 00000nam 2200000uu 4500
001    13399121190
003     ULIB
008    121108s2550||||th 000 0 tha d
020    ^a9747195518
050 04 ^aLB2369^bม161
100 0  ^aมนสิช สิทธิสมบูรณ์
245 10 ^aชุดฝึกปฏิบัติการเหนือตำรา :^bการทำวิจัยในชั้นเรียน /^cมนสิช สิทธิสมบูรณ์
250    ^aพิมพ์ครั้งที่ 3
260    ^aพิษณุโลก :^bคณะศึกษาศาสตร์ มหาวิทยาลัยนเรศวร,^c2550
300    ^a69 หน้า ;^c30 ซม
650  7 ^aวิจัยเชิงปฏิบัติการ
650  7 ^aขั้นเรียน^xวิจัย
945    ^p143^l0^i16495
995    ^aวิภา
999 ^a ทศพร
รายการนี้ยังไม่มีแท็ก
คุณยังไม่ได้ล็อกอิน คุณสามารถมีกิจกรรมร่วมกับเว็บไซต์ได้ แต่ต้องล็อกอินก่อน ::
  ล็อกอิน

รายการสื่อสารสนเทศ

ลำดับที่ ประเภท เลขเรียก/บาร์โค้ด สถานที่ สถานะ
1. วิทยาศาสตร์การแพทย์ และสุขภาพ
วิทยาศาสตร์การแพทย์ และสุขภาพ
LB2369 ม161  
  Barcode: 16495
ห้องสมุดวิทยาเขตสวรรค์ประชารักษ์
►หนังสือทั่วไป
บนชั้น

รายการใกล้เคียง
    ผู้แต่ง [มนสิช สิทธิสมบูรณ์]

    หัวเรื่อง [วิจัยเชิงปฏิบัติการ]

BibComment


ยังไม่เคยถูกคอมเมนท์

คอมเมนท์ทรัพยากรรายการนี้
  คอมเมนท์: ชุดฝึกปฏิบัติการ..


 Copyright 2026. Bcnsprnw @Library